Robots and Manufacturing Automation / (Record no. 32350)

000 -LEADER
fixed length control field 00522nam a22002177a 4500
003 - CONTROL NUMBER IDENTIFIER
control field Nust
005 - DATE AND TIME OF LATEST TRANSACTION
control field 20211216102518.0
008 - FIXED-LENGTH DATA ELEMENTS--GENERAL INFORMATION
fixed length control field 170120b xxu||||| |||| 00| 0 eng d
020 ## - INTERNATIONAL STANDARD BOOK NUMBER
International Standard Book Number 97881-265-28769
038 ## - RECORD CONTENT LICENSOR
Staff Name Khadija
040 ## - CATALOGING SOURCE
Transcribing agency .
082 ## - DEWEY DECIMAL CLASSIFICATION NUMBER
Classification number 670.427
Author Mark ASF
100 ## - MAIN ENTRY--PERSONAL NAME
Personal name Asfahl Ray C.
9 (RLIN) 86708
245 ## - TITLE STATEMENT
Title Robots and Manufacturing Automation /
Statement of responsibility, etc. C. Ray Asfahl
250 ## - EDITION STATEMENT
Edition statement 2nd
260 ## - PUBLICATION, DISTRIBUTION, ETC.
Place of publication, distribution, etc. New Delhi
Name of publisher, distributor, etc. John wiley
Date of publication, distribution, etc. 2011.
300 ## - PHYSICAL DESCRIPTION
Extent 487.p;
500 ## - GENERAL NOTE
General note Paperback.
563 ## - BINDING INFORMATION
Binding note PB
942 ## - ADDED ENTRY ELEMENTS (KOHA)
Koha item type Book
Source of classification or shelving scheme
Holdings
Withdrawn status Lost status Source of classification or shelving scheme Damaged status Not for loan Permanent Location Current Location Date acquired Total Checkouts Full call number Barcode Date last seen Price effective from Koha item type Shelving location
          Central Library (CL) Central Library (CL) 08/10/2015   629.892 DEB SMME-1208 03/28/2018 08/10/2015 Book  
          School of Mechanical & Manufacturing Engineering (SMME) School of Mechanical & Manufacturing Engineering (SMME) 08/10/2015   670.427 ASF SMME-1209 03/28/2018 08/10/2015 Book General Stacks
© 2023 Central Library, National University of Sciences and Technology. All Rights Reserved.